Vplyv umelej inteligencie na tvorbu digitálneho kreatívneho obsahu bakalárska práca

Gespeichert in:
Bibliographische Detailangaben
1. Verfasser: Horský, Andrej
Körperschaft: Obchodná fakulta EU. Katedra marketingu
Weitere Verfasser: Balaščáková, Simona, 1999-
Format: Buch
Sprache:Slowakisch
Veröffentlicht: Bratislava 2025
Tags: Tag hinzufügen
Keine Tags, Fügen Sie das erste Tag hinzu!

MARC

LEADER 00000nbm a2200000 4500
001 0311152
005 20260212135744.6
041 0 |a slo 
044 |a SK 
245 1 0 |a Vplyv umelej inteligencie na tvorbu digitálneho kreatívneho obsahu  |b bakalárska práca  |c Andrej Horský ; školiteľ: Simona Balaščáková 
264 1 |a Bratislava  |c 2025 
300 |a 51 s. 
100 1 |a Horský, Andrej 
700 1 |a Balaščáková, Simona, 1999- 
710 2 |a Obchodná fakulta EU. Katedra marketingu